<?xml version="1.0" encoding="UTF-8"?>
<record
    xmlns:xsi="http://www.w3.org/2001/XMLSchema-instance"
    xsi:schemaLocation="http://www.loc.gov/MARC21/slim http://www.loc.gov/standards/marcxml/schema/MARC21slim.xsd"
    xmlns="http://www.loc.gov/MARC21/slim">

  <leader>00984nam a22001817a 4500</leader>
  <controlfield tag="008">160601b        xxu||||| |||| 00| 0 eng d</controlfield>
  <datafield tag="020" ind1=" " ind2=" ">
    <subfield code="a">9789968530286</subfield>
  </datafield>
  <datafield tag="082" ind1=" " ind2=" ">
    <subfield code="a">704.949.306.9</subfield>
    <subfield code="b">M743m</subfield>
  </datafield>
  <datafield tag="100" ind1=" " ind2=" ">
    <subfield code="a">Monge, Maria Jos&#xE9; ; Molina, Priscila </subfield>
    <subfield code="9">5100</subfield>
  </datafield>
  <datafield tag="245" ind1=" " ind2=" ">
    <subfield code="a">La ineludible Muerte </subfield>
    <subfield code="c">Monge, Maria Jos&#xE9; ; Molina, Priscila </subfield>
  </datafield>
  <datafield tag="260" ind1=" " ind2=" ">
    <subfield code="a">San Jos&#xE9;, Costa Rica </subfield>
    <subfield code="b">Fundaci&#xF3;n Museos del Banco Central de Costa Rica </subfield>
    <subfield code="c">2015</subfield>
  </datafield>
  <datafield tag="300" ind1=" " ind2=" ">
    <subfield code="a">150 pag</subfield>
    <subfield code="b">ill</subfield>
    <subfield code="c">28 cm </subfield>
  </datafield>
  <datafield tag="505" ind1=" " ind2=" ">
    <subfield code="t">Presentaci&#xF3;n</subfield>
    <subfield code="t">&#xBF;Por qu&#xE9; una exhibici&#xF3;n acerca de la muerte?</subfield>
    <subfield code="t">Recordatorios de Muerte </subfield>
    <subfield code="t">Buena Muerte/ Mala Muerte </subfield>
    <subfield code="t">El "aqu&#xED;" y el "m&#xE1;s all&#xE1;"</subfield>
    <subfield code="t">El "aqu&#xED;"</subfield>
    <subfield code="t">El "m&#xE1;s all&#xE1;"</subfield>
    <subfield code="t">Vencer la muerte </subfield>
    <subfield code="t">Lo ambiguo de la muerte </subfield>
    <subfield code="t">Epilogo </subfield>
    <subfield code="t">Bibliografia</subfield>
  </datafield>
  <datafield tag="650" ind1=" " ind2=" ">
    <subfield code="a">Museos del Banco Central de Costa Rica </subfield>
    <subfield code="9">5101</subfield>
  </datafield>
  <datafield tag="653" ind1=" " ind2=" ">
    <subfield code="a">Arte- Muerte</subfield>
    <subfield code="a">Arte Costarricense </subfield>
    <subfield code="a">Arqueolog&#xED;a Costarricense </subfield>
    <subfield code="a">Antropologia Costarricense </subfield>
    <subfield code="a">Muerte en Arte- Costa Rica</subfield>
  </datafield>
  <datafield tag="700" ind1=" " ind2=" ">
    <subfield code="a">Monge, Maria Jos&#xE9;</subfield>
    <subfield code="9">5102</subfield>
  </datafield>
  <datafield tag="700" ind1=" " ind2=" ">
    <subfield code="a">Molina, Priscila </subfield>
    <subfield code="9">5103</subfield>
  </datafield>
  <datafield tag="999" ind1=" " ind2=" ">
    <subfield code="c">928</subfield>
    <subfield code="d">928</subfield>
  </datafield>
  <datafield tag="952" ind1=" " ind2=" ">
    <subfield code="0">0</subfield>
    <subfield code="1">0</subfield>
    <subfield code="2">ddc</subfield>
    <subfield code="4">0</subfield>
    <subfield code="7">0</subfield>
    <subfield code="a">LV</subfield>
    <subfield code="b">LV</subfield>
    <subfield code="c">Colectivas</subfield>
    <subfield code="d">2016-06-01</subfield>
    <subfield code="l">0</subfield>
    <subfield code="o">704.949.306.9 M743m</subfield>
    <subfield code="p">004187</subfield>
    <subfield code="r">2016-06-01 00:00:00</subfield>
    <subfield code="w">2016-06-01</subfield>
    <subfield code="y">01</subfield>
  </datafield>
</record>
